00629 2200229 4500001002100000005001500021035002000036007000300056008004100059020002200100082001000122084001600132100002400148245006500172250001000237260006500247300003100312650001800343700001600361990001100377990001100388INLIS00000000000422620191015113503 a0010-1019000078ta191015 g 0 ind  a978-979-788-475-8 a741.5 a741.5 CHR s0 aCHRISTOPHER, Holley1 aSang Peri :bKumis /cChristopher Holley, editor, Dewanti N. acet.1 aJakarta :bCerdas Interaktif ( Penebar Swadaya Grup ),c2017 a52 hlm. :bilus. ;c21 cm. 4aGAMBAR. KOMIK0 aDEWANTI, N. a7003 a a7003 b